| 000 | 01149nam a2200349 a 4500 | ||
|---|---|---|---|
| 003 | AR-BaBNM | ||
| 005 | 20251128210341.0 | ||
| 008 | 082120s2002 ||||||||||||||000 | spa|| | ||
| 020 | _a84-369-2640-4 | ||
| 040 | _cAR-BaBNM | ||
| 110 | 1 |
_aEspaña _bMinisterio de Educación y Ciencia |
|
| 245 | 0 | 0 |
_aGuía de recursos didácticos _bEducación Secundaria Obligatoria : ciencias de la naturaleza |
| 260 |
_aMadrid _bEspaña. Ministerio de Educación y Ciencia _c[ca. 1995] |
||
| 300 |
_a242 p. _btablas |
||
| 504 | _aContiene bibliografía p. 185-242 | ||
| 650 | 4 | _aMETODOS DE ENSEÑANZA | |
| 650 | 4 | _aTECNICAS DIDACTICAS | |
| 651 | 4 | _aEspaña | |
| 653 | _aENSEÑANZA DE LAS CIENCIAS NATURALES | ||
| 653 | _aEDUCACION SECUNDARIA | ||
| 653 | _aCONTENIDOS CURRICULARES | ||
| 653 | _aGESTION CURRICULAR | ||
| 700 | 1 | _aAlbaladejo Marcet, Carmen | |
| 700 | 1 | _aCaamaño Ros, Aureli | |
| 700 | 1 | _aHerrán Martínez, Carlos | |
| 700 | 1 | _aParrilla Parrilla, José Luis | |
| 700 | 1 | _aSanmartí Puig, Neus | |
| 700 | 1 |
_aBacas Leal, Pilar _ecoordinador |
|
| 700 | 1 |
_aSoler Gracia, Miguel _eprologuista |
|
| 942 | _cBK | ||
| 998 | _cRaquel | ||
| 999 |
_c15079 _d15079 |
||